The castle in the Attic

Bibliographic Details
Main Author: Winthrop, Elizabeth
Corporate Author: Title
Format: Book
Published: New York : Yerling , 1985
Subjects:

MARC

LEADER 00000cam a2200000 7i4500
001 0000003429
005 20151222.0
008 070718
020 |a 0440409411 
090 0 0 |a JF   |b ENG 
100 1 |a Winthrop, Elizabeth 
245 1 4 |a The castle in the Attic   |c Elizabeth Winthrop 
260 |a New York :   |b Yerling ,   |c 1985 
500 |a Children ages 10-12 years old (pink) 
650 0 |a Adventure 
650 0 |a Junior fiction   |x English   |x Languages 
710 0 |a Title 
999 |a 0000964232   |b Book   |c Children Collection   |e Perbadanan Perpustakaan Awam Johor 
999 |a 0000964233   |b Book   |c Children Collection   |e Cawangan AEON Kulaijaya